Meat Puppets Albums - Statistics

General Stats
  • This quiz has been taken 6 times
    5 since last reset
  • The average score is 4 of 14
Answer Stats
Hint Answer % Correct
1984 Meat Puppets II
80%
1982 Meat Puppets
60%
1985 Up on the Sun
60%
1987 Huevos
40%
1987 Mirage
40%
1991 Forbidden Places
20%
2000 Golden Lies
20%
2011 Lollipop
20%
1989 Monsters
20%
2007 Rise to Your Knees
20%
1994 Too High to Die
20%
1995 No Joke!
0%
2013 Rat Farm
0%
2009 Sewn Together
0%
No matching quizzes found
Score Distribution
Percent of People with Each Score
Percentile by Number Answered
Your Score History
You have not taken this quiz since the last reset